00549nam a2200157Ia 4500003000400000008004100004040001600045082001800061100002400079245011600103260010500219300001100324490000500335650001900340650003200359GCL140319s9999 xx 000 0 ara d aGCL / cGCL04a345.04bس ن1 aسمير عالية10aقانون العقوبات القسم العام المسئوولية والجزاء / cسمير عالية a[S.N] : bالمؤسسة الجامعية للدراسات والنشر والتوزيع ، c1993 a304 ص a04aالقانون04aقانون العقوبات